Retrato hablado de las ciudades chilenas
Збережено в:
| Автор: | |
|---|---|
| Формат: | Книга |
| Мова: | Іспанська |
| Опубліковано: |
Santiago
LOM
2002
|
| Предмети: | |
| Теги: |
Додати тег
Немає тегів, Будьте першим, хто поставить тег для цього запису!
|
MARC
| LEADER | 00000nam a2200000 a 4500 | ||
|---|---|---|---|
| 001 | UCL0779 | ||
| 003 | CL-VaPUC | ||
| 008 | 030818e20020000CL |||||||||||||||||spa|d | ||
| 020 | |a 956244144X | ||
| 082 | 0 | 4 | |a 302 |b GUE |2 21 |
| 100 | |a Guerrero Jiménez, Bernardo |e autor |9 614892 | ||
| 245 | 1 | 0 | |a Retrato hablado de las ciudades chilenas |
| 300 | |a 309 p | ||
| 942 | |c BK | ||
| 945 | |d 20030818 00:00:00 |a cmena | ||
| 260 | |a Santiago |b LOM |c 2002 | ||
| 650 | 0 | |a Antropología cultural y social |9 265143 | |
| 650 | 0 | |a Ciudades |9 265474 | |
| 650 | 0 | |a Psicología social |9 222894 | |
| 583 | |a last modification |c 20030818 00:00:00 |k Rodrigo Vera | ||
| 999 | |c 304558 |d 304556 | ||
| 952 | |0 0 |1 0 |4 0 |6 302_000000000000000_GUE_2002 |7 0 |8 A |9 366941 |a BIBHIS |b BIBHIS |d 2019-11-21 |i 3925986 |o 302 GUE 2002 |p 3925986 |r 2025-01-20 |w 2019-11-21 |y BK |k HIS | ||